| 000 | 00453nam a22001697a 4500 | ||
|---|---|---|---|
| 003 | CEME | ||
| 005 | 20210628210128.0 | ||
| 008 | 210202b xxu||||| |||| 00| 0 eng d | ||
| 040 | _c. | ||
| 082 | _a910.4 USM | ||
| 100 |
_aMuhammad Taqi Usmani,Usmani, Muhammad Taqi _978209 |
||
| 245 | _aJehan-e-deda,20 mulkoo ka safarnama | ||
| 260 |
_aKARACHI _bIDARA AL-MUAARA _c1999 |
||
| 300 | _a668P | ||
| 650 |
_aURDU ADAB-SAFARNAMA _964322 |
||
| 942 |
_cBK _2ddc |
||
| 999 |
_c583368 _d583368 |
||